Ball Knowledge - Statistics

General Stats
  • This quiz has been taken 30 times
  • The average score is 4 of 14
Answer Stats
Hint Answer % Correct
Heaviest ball(s) in sports Bowling ball / shot put
77%
A jester might have three or more Juggling ball
54%
Yell before water Cannonball
50%
For strength training Medicine ball
50%
Vehicle for rodents Hamster ball
46%
"Take me out to there!" The ball game
42%
Silly Goofball
31%
Contains an elemental creature Poké Ball
27%
1969 single by The Who Pinball Wizard
15%
Video game of an enclosed primate Super Monkey Ball
15%
Reduces static electricity Dryer ball
8%
Drug mixture of a stimulant and depressant Speedball
8%
Can bounce extremely high Super Ball
8%
Glass disc with a diameter twice the radius Ball lens
0%
No matching quizzes found
Score Distribution
Percent of People with Each Score
Percentile by Number Answered
Your Score History
You have not taken this quiz